000 00541nam a2200169 a 4500
008 120416s1987 ||||||||||||||||| || u
020 _a0893912568
050 _aHD 108.6 Tur
100 _aTurner, Tom
245 1 0 _aLandscape planning
260 _aLondon
_bHutchinson
_c1987
300 _a213p. : ill.
350 _a0.00
650 _aPLANNING
650 _aLANDSCAPE PLANNING
995 _D0.00
_FCBU-MAIN LIBRARY (Kitwe)
_H1
_I29.95
_M1
_UAVAILABLE
_ZAnnex Low-Usage Collection
999 _c48860
_d48860